Name The College of Every NFL Draft Pick In 2026 - Statistics

General Stats
  • This quiz has been taken 22 times
  • The average score is 206 of 257
Answer Stats
Pick # Drafting Team Player Position College Previous Colleges (if any) % Correct
12 Miami Dolphins (from DAL) Kadyn Proctor T Alabama
95%
13 Los Angeles Rams (from ATL) Ty Simpson QB Alabama
95%
47 Pittsburgh Steelers (from IND) Germie Bernard WR Alabama Michigan State (2022)Washington (2023)
95%
137 Dallas Cowboys (from PHI) LT Overton DT Alabama Texas A&M (2022-23)
95%
146 Cleveland Browns Parker Brailsford C Alabama Washington (2022-23)
95%
149 Cleveland Browns (from CIN) Justin Jefferson LB Alabama Pearl River CC (2021-22)
95%
173 Baltimore Ravens Josh Cuevas TE Alabama Cal Poly (2021-22)Washington (2023)
95%
201 Green Bay Packers Domani Jackson CB Alabama USC (2022-23)
95%
232 Los Angeles Rams (from BAL) Tim Keenan III DT Alabama
95%
245 New England Patriots (from LAR via HOU and JAX) Jam Miller RB Alabama
95%
38 Las Vegas Raiders (from WAS via HOU) Treydan Stukes S Arizona
95%
131 Los Angeles Chargers (from NE) Genesis Smith S Arizona
95%
150 Las Vegas Raiders (from NO) Dalton Johnson S Arizona
95%
255 Seattle Seahawks (from GB) Michael Dansby CB Arizona San Jose State (2022-24)
95%
8 New Orleans Saints Jordyn Tyson WR Arizona State Colorado (2023)
95%
21 Pittsburgh Steelers Max Iheanachor T Arizona State East Los Angeles College (2021-22)
95%
157 Detroit Lions Keith Abney II CB Arizona State
95%
166 Chicago Bears (from SF via PHI, JAX and CAR) Keyshaun Elliott LB Arizona State New Mexico State (2022-23)
95%
6 Kansas City Chiefs (from CLE) Mansoor Delane CB LSU Virginia Tech (2022-24)
95%
78 Indianapolis Colts A.J. Haulcy S LSU New Mexico (2022)Houston (2023-24)
95%
89 Chicago Bears Zavion Thomas WR LSU Mississippi State (2022-23)
95%
185 Tampa Bay Buccaneers (from LV) Bauer Sharp TE LSU Southeastern Louisiana (2021-23)Oklahoma (2024)
95%
190 New Orleans Saints Barion Brown WR LSU Kentucky (2022-24)
95%
215 Atlanta Falcons (from PHI) Harold Perkins, Jr. LB LSU
95%
249 Kansas City Chiefs (from IND via PIT) Garrett Nussmeier QB LSU
95%
4 Tennessee Titans Carnell Tate WR Ohio State
95%
5 New York Giants Arvell Reese LB Ohio State
95%
7 Washington Commanders Sonny Styles LB Ohio State
95%
11 Dallas Cowboys (from MIA) Caleb Downs S Ohio State Alabama (2023)
95%
36 Houston Texans (from LV) Kayden McDonald DT Ohio State
95%
61 Los Angeles Rams Max Klare TE Ohio State Purdue (2022-24)
95%
62 Buffalo Bills (from DEN) Davison Igbinosun CB Ohio State Ole Miss (2022)
95%
87 Miami Dolphins (from PHI) Will Kacmarek TE Ohio State Ohio (2021-23)
95%
172 New Orleans Saints (from SEA) Lorenzo Styles, Jr. S Ohio State Notre Dame (2021-22)
95%
214 Indianapolis Colts (from PIT) Caden Curry DE Ohio State
95%
231 Atlanta Falcons Ethan Onianwa T Ohio State Rice (2021-24)
95%
60 Tennessee Titans (from BUF via CHI) Anthony Hill, Jr. LB Texas
95%
124 Chicago Bears (from JAX via CAR) Malik Muhammad CB Texas
95%
130 Miami Dolphins (from DEN) Trey Moore DE Texas UTSA (2021-23)
95%
158 Miami Dolphins (from MIN via CAR) Michael Taaffe S Texas
95%
200 Miami Dolphins (from CAR) DJ Campbell G Texas
95%
221 Cincinnati Bengals (from NYG via DAL) Jack Endries TE Texas California (2022-24)
95%
18 Minnesota Vikings Caleb Banks DE Florida Louisville (2021-22)
91%
63 Los Angeles Chargers (from NE) Jake Slaughter C Florida
91%
86 Cleveland Browns (from LAC) Austin Barber T Florida
91%
114 Dallas Cowboys (from ATL via PHI) Devin Moore CB Florida
91%
156 Indianapolis Colts George Gumbs, Jr. DE Florida Northern Illinois (2021-23)
91%
216 Green Bay Packers (from PIT via SEA) Trey Smack K Florida
91%
239 Buffalo Bills (from PHI via JAX, CLE and CHI) Tommy Doman P Florida Michigan (2021-24)
91%
19 Carolina Panthers Monroe Freeling T Georgia
91%
42 New Orleans Saints Christen Miller DT Georgia
91%
53 Indianapolis Colts (from PIT) CJ Allen LB Georgia
91%
73 New Orleans Saints Oscar Delp TE Georgia
91%
79 Atlanta Falcons Zachariah Branch WR Georgia USC (2023-24)
91%
85 Pittsburgh Steelers Daylen Everette CB Georgia
91%
140 Cincinnati Bengals (from NYJ) Colbie Young WR Georgia Lackawanna College (2021)Miami (FL) (2022-23)
91%
207 Philadelphia Eagles (from LAR via HOU and TEN) Micah Morris G Georgia
91%
1 Las Vegas Raiders Fernando Mendoza QB Indiana California (2022-24)
91%
30 New York Jets (from DEN via MIA and SF) Omar Cooper, Jr. WR Indiana
91%
50 New York Jets (from DET) D'Angelo Ponds CB Indiana James Madison (2023)
91%
90 San Francisco 49ers (from HOU via MIA) Kaelon Black RB Indiana James Madison (2020-23)
91%
115 Baltimore Ravens Elijah Sarratt WR Indiana St. Francis (PA) (2022)James Madison (2023)
91%
169 Pittsburgh Steelers (from LAR via KC) Riley Nowakowski TE Indiana Wisconsin (2020-24)
91%
194 Tennessee Titans (from BAL via NYJ) Pat Coogan C Indiana Notre Dame (2021-24)
91%
243 Houston Texans (from SF) Aiden Fisher LB Indiana James Madison (2022-23)
91%
44 Detroit Lions (from DAL via NYJ) Derrick Moore DE Michigan
91%
59 Houston Texans Marlin Klein TE Michigan
91%
92 Dallas Cowboys (from SF) Jaishawn Barham OLB Michigan Maryland (2022-23)
91%
118 Detroit Lions Jimmy Rolder LB Michigan
91%
159 Minnesota Vikings (from CAR) Max Bredeson FB Michigan
91%
250 Baltimore Ravens Rayshaun Benny DT Michigan
91%
16 New York Jets (from IND) Kenyon Sadiq TE Oregon
91%
25 Chicago Bears Dillon Thieneman S Oregon Purdue (2023-24)
91%
88 Jacksonville Jaguars Emmanuel Pregnon G Oregon Wyoming (2020-22)USC (2023-24)
91%
109 Kansas City Chiefs Jadon Canady CB Oregon Tulane (2021-22)Ole Miss (2023-24)
91%
135 Indianapolis Colts Bryce Boettcher LB Oregon
91%
195 Las Vegas Raiders (from TB) Malik Benson WR Oregon Hutchinson CC (2021-22)Alabama (2023) Florida State (2024)
91%
206 Los Angeles Chargers (from CHI via CLE) Alex Harkey G Oregon Tyler JC (2020-21)Colorado (2022) Texas State (2023-24)
91%
2 New York Jets David Bailey OLB Texas Tech Stanford (2022-24)
91%
43 Miami Dolphins Jacob Rodriguez LB Texas Tech Virginia (2021)
91%
49 Carolina Panthers (from MIN) Lee Hunter DT Texas Tech Auburn (2021)UCF (2022-24)
91%
70 San Francisco 49ers (from CLE) Romello Height OLB Texas Tech Auburn (2020-21)USC (2022-23) Georgia Tech (2024)
91%
75 Miami Dolphins Caleb Douglas WR Texas Tech Florida (2022-23)
91%
143 Arizona Cardinals Reggie Virgil WR Texas Tech Miami (OH) (2022-24)
91%
205 Detroit Lions (from JAX) Skyler Gill-Howard DT Texas Tech Upper Iowa (2022)Northern Illinois (2023-24)
91%
234 New England Patriots (from MIN) Behren Morton QB Texas Tech
91%
244 Philadelphia Eagles (from HOU via MIN) Cole Wisniewski S Texas Tech North Dakota State (2020-24)
91%
9 Cleveland Browns (from KC) Spencer Fano T Utah
91%
28 New England Patriots (from HOU via BUF) Caleb Lomu T Utah
91%
256 Denver Broncos Dallen Bentley TE Utah Snow College (2022)
91%
17 Detroit Lions Blake Miller T Clemson
86%
29 Kansas City Chiefs (from LAR) Peter Woods DT Clemson
86%
35 Buffalo Bills (from TEN) T.J. Parker DE Clemson
86%
48 Atlanta Falcons Avieon Terrell CB Clemson
86%
71 Washington Commanders Antonio Williams WR Clemson
86%
110 New York Jets (from CIN) Cade Klubnik QB Clemson
86%
123 Houston Texans (from LAC) Wade Woodaz LB Clemson
86%
155 Tampa Bay Buccaneers DeMonte Capehart DT Clemson
86%
174 Baltimore Ravens Adam Randall RB Clemson
86%
10 New York Giants (from CIN) Francis Mauigoa G Miami (FL)
86%
15 Tampa Bay Buccaneers Rueben Bain, Jr. DE Miami (FL)
86%
22 Los Angeles Chargers Akheem Mesidor OLB Miami (FL) West Virginia (2020-21)
86%
65 Arizona Cardinals Carson Beck QB Miami (FL) Georgia (2020-24)
86%
68 Philadelphia Eagles (from NYJ) Markel Bell T Miami (FL) Holmes Community College (2022-23)
86%
98 Minnesota Vikings (from PHI) Jakobe Thomas S Miami (FL) Middle Tennessee (2021-23)Tennessee (2024)
86%
116 Tampa Bay Buccaneers Keionte Scott CB Miami (FL) Snow College (2020-21)Auburn (2022-24)
86%
188 New York Jets (from CLE via SEA) Anez Cooper G Miami (FL)
86%
197 Los Angeles Rams (from ATL via PHI) CJ Daniels WR Miami (FL) Liberty (2020-23)LSU (2024)
86%
3 Arizona Cardinals Jeremiyah Love RB Notre Dame
86%
32 Seattle Seahawks Jadarian Price RB Notre Dame
86%
74 New York Giants (from KC via CLE) Malachi Fields WR Notre Dame Virginia (2021-24)
86%
95 New England Patriots Eli Raridon TE Notre Dame
86%
160 Tampa Bay Buccaneers (from GB) Billy Schrauth G Notre Dame
86%
210 Pittsburgh Steelers (from LAR via KC) Gabriel Rubio DT Notre Dame
86%
14 Baltimore Ravens Vega Ioane G Penn State
86%
76 Pittsburgh Steelers (from DAL) Drew Allar QB Penn State
86%
112 Dallas Cowboys Drew Shelton T Penn State
86%
120 Green Bay Packers Dani Dennis-Sutton DE Penn State
86%
151 Carolina Panthers (from MIA) Zakee Wheatley S Penn State
86%
165 Tennessee Titans (from CHI via BUF) Nicholas Singleton RB Penn State
86%
181 Buffalo Bills (from DET) Zane Durant DT Penn State
86%
187 Washington Commanders Kaytron Allen RB Penn State
86%
69 Chicago Bears (from NYG via HOU, BUF and TEN) Sam Roush TE Stanford
86%
203 Jacksonville Jaguars (from PHI via HOU and PHI) CJ Williams WR Stanford USC (2022)Wisconsin (2023-24)
86%
24 Cleveland Browns (from JAX) KC Concepcion WR Texas A&M NC State (2023-24)
86%
34 Arizona Cardinals Chase Bisontis G Texas A&M
86%
41 Cincinnati Bengals Cashius Howell DE Texas A&M Bowling Green (2021-23)
86%
56 Jacksonville Jaguars Nate Boerkircher TE Texas A&M Nebraska (2020-24)
86%
66 Denver Broncos (from TEN via BUF) Tyler Onyedim DT Texas A&M Iowa State (2021-24)
86%
81 Jacksonville Jaguars (from DET) Albert Regis DT Texas A&M
86%
91 Las Vegas Raiders (from BUF via HOU) Trey Zuhn III C Texas A&M
86%
129 Carolina Panthers (from LAR via CHI) Will Lee III CB Texas A&M Iowa Western CC (2021-22)Kansas State (2023)
86%
196 New England Patriots (from IND via MIN, CAR and JAX) Dametrious Crownover T Texas A&M
86%
241 Buffalo Bills (from CHI) Ar'maj Reed-Adams G Texas A&M Kansas (2020-23)
86%
20 Philadelphia Eagles (from DAL) Makai Lemon WR USC
86%
80 Baltimore Ravens Ja'Kobi Lane WR USC
86%
141 Houston Texans (from LV and CLE) Kamari Ramsey S USC UCLA (2022-23)
86%
26 Houston Texans (from BUF) Keylan Rutledge G Georgia Tech Middle Tennessee (2022-23)
82%
213 Chicago Bears (from SEA via JAX, DET and BUF) Jordan van den Berg DT Georgia Tech Iowa Western CC (2020-21)Penn State (2021-23)
82%
209 Washington Commanders (from SF) Matt Gulbin C Michigan State Wake Forest (2021-24)
82%
211 Baltimore Ravens (from DEN via NYJ, MIN and PHI) Ryan Eckley P Michigan State
82%
161 Kansas City Chiefs (from PIT) Emmett Johnson RB Nebraska
82%
52 Green Bay Packers Brandon Cisse CB South Carolina NC State (2023-24)
82%
145 Los Angeles Chargers (from NYG via CLE) Nick Barrett DT South Carolina
82%
167 Buffalo Bills (from HOU via PHI via HOU) Jalon Kilgore S South Carolina
82%
37 New York Giants Colton Hood CB Tennessee Auburn (2023)Colorado (2024)
82%
83 Carolina Panthers Chris Brazzell II WR Tennessee Tulane (2022-23)
82%
101 Las Vegas Raiders (from TEN via BUF) Jermod McCoy CB Tennessee Oregon State (2023)
82%
147 Washington Commanders Joshua Josephs DE Tennessee
82%
222 Detroit Lions (from CLE) Tyre West DE Tennessee
82%
31 Tennessee Titans (from NE via BUF) Keldric Faulk DE Auburn
77%
67 Las Vegas Raiders Keyron Crawford DE Auburn Arkansas State (2022-23)
77%
128 Cincinnati Bengals (from HOU via DET and NYJ) Connor Lew C Auburn
77%
132 New Orleans Saints (from SEA) Jeremiah Wright G Auburn
77%
186 New York Jets Bobby Jamison-Travis DT Auburn Iowa Western CC (2020-22)
77%
175 Las Vegas Raiders Hezekiah Masses CB California FIU (2022-24)
77%
103 New York Jets Darrell Jackson, Jr. DT Florida State Maryland (2021)Miami (FL) (2022)
77%
179 San Francisco 49ers (from NYJ) Enrique Cruz, Jr. T Kansas Syracuse (2021-24)
77%
199 Seattle Seahawks (from DET via CLE, CIN and NYJ) Emmanuel Henderson, Jr. WR Kansas Alabama (2022-24)
77%
144 Carolina Panthers (from TEN via LAR, TEN and CHI) Sam Hecht C Kansas State
77%
228 New York Jets (from DAL via BUF and LV) VJ Payne S Kansas State
77%
94 Miami Dolphins (from DEN) Chris Bell WR Louisville
77%
51 Minnesota Vikings (from CAR) Jake Golday LB Cincinnati Central Arkansas (2021-23)
73%
170 Cleveland Browns (from DEN) Joe Royer TE Cincinnati Ohio State (2020-23)
73%
176 Kansas City Chiefs Cyrus Allen WR Cincinnati Louisiana Tech (2021-23)Texas A&M (2024)
73%
235 Minnesota Vikings (from CAR) Gavin Gerhardt C Cincinnati
73%
119 Jacksonville Jaguars (from CAR) Wesley Williams DE Duke
73%
162 Baltimore Ravens (from LAC) Chandler Rivers CB Duke
73%
189 Cincinnati Bengals Brian Parker II C Duke
73%
55 New England Patriots (from LAC) Gabe Jacas DE Illinois
73%
192 New York Giants (from MIA) J.C. Davis T Illinois Contra Costa College (2021)New Mexico (2022-23)
73%
246 Denver Broncos Miles Scott S Illinois
73%
57 Chicago Bears Logan Jones C Iowa
73%
96 Pittsburgh Steelers (from SEA) Gennings Dunker T Iowa
73%
121 Pittsburgh Steelers Kaden Wetjen WR Iowa Iowa Western CC (2020-21)
73%
148 Seattle Seahawks (from KC via CLE) Beau Stephens G Iowa
73%
183 Arizona Cardinals Karson Sharar LB Iowa
73%
219 New Orleans Saints (from LV) TJ Hall CB Iowa
73%
238 Miami Dolphins (from LAC via TEN and NYJ) Max Llewellyn DE Iowa
73%
82 Minnesota Vikings Domonique Orange DT Iowa State
73%
242 Seattle Seahawks (from BUF via CLE and NYJ) Deven Eastern DT Minnesota
73%
45 Baltimore Ravens Zion Young OLB Missouri Michigan State (2022-23)
73%
46 Tampa Bay Buccaneers Josiah Trotter LB Missouri West Virginia (2023-24)
73%
77 Green Bay Packers (from TB) Chris McClellan DT Missouri Florida (2022-23)
73%
93 Los Angeles Rams Keagen Trost T Missouri Morgan State (2019)Indiana State (2020-23) Wake Forest (2024)
73%
177 Miami Dolphins (from DAL) Kevin Coleman, Jr. WR Missouri Jackson State (2022)Louisville (2023) Mississippi State (2024)
73%
220 Buffalo Bills (from NYJ) Toriano Pride, Jr. CB Missouri Clemson (2022-23)
73%
152 Denver Broncos (from DAL via SF and CLE) Justin Joly TE NC State UConn (2022-23)
73%
229 Las Vegas Raiders (from TB) Brandon Cleveland DT NC State
73%
40 Kansas City Chiefs R Mason Thomas DE Oklahoma
73%
106 Houston Texans (from WAS) Febechi Nwaiwu G Oklahoma North Texas (2021-23)
73%
107 San Francisco 49ers (from CLE) Gracen Halton DT Oklahoma
73%
134 Atlanta Falcons (from LV) Kendal Daniels LB Oklahoma Oklahoma State (2021-24)
73%
224 Pittsburgh Steelers (from NO via NE) Robert Spears-Jennings S Oklahoma
73%
225 Tennessee Titans (from KC via DAL) Jaren Kanak TE Oklahoma
73%
254 Indianapolis Colts Deion Burks WR Oklahoma Purdue (2021-23)
73%
23 Dallas Cowboys (from PHI) Malachi Lawrence DE UCF
73%
39 Cleveland Browns Denzel Boston WR Washington
73%
72 Cincinnati Bengals Tacario Davis CB Washington Arizona (2022-24)
73%
108 Denver Broncos (from WAS) Jonah Coleman RB Washington Arizona (2022-23)
73%
127 San Francisco 49ers Carver Willis T Washington Kansas State (2020-24)
73%
139 San Francisco 49ers Ephesians Prysock CB Washington Arizona (2022-23)
73%
208 Atlanta Falcons (from BUF and NYJ) Anterio Thompson DT Washington Iowa Western CC (2022)Iowa (2023) Western Michigan (2024)
73%
233 Jacksonville Jaguars (from DET) Zach Durfee DE Washington Sioux Falls (2022)
73%
184 Tennessee Titans Jackie Marshall DT Baylor
68%
191 Jacksonville Jaguars (from KC via NE) Josh Cameron WR Baylor
68%
111 Denver Broncos (from MIA) Kage Casey T Boise State
68%
102 Buffalo Bills (from LV) Jude Bowry T Boston College
68%
202 Los Angeles Chargers (from PIT via NE) Logan Taylor G Boston College Virginia (2021-22)
68%
204 Houston Texans (from LAC) Lewis Bond WR Boston College
68%
247 New England Patriots Quintayvious Hutchins DE Boston College
68%
193 New York Giants (from DAL) Jack Kelly LB BYU Weber State (2021-23)
68%
248 Cleveland Browns (from SEA) Carsen Ryan TE BYU UCLA (2022-23)Utah (2024)
68%
113 Indianapolis Colts Jalen Farmer G Kentucky Florida (2022-23)
68%
153 Green Bay Packers (from ATL via PHI) Jager Burton C Kentucky
68%
168 Detroit Lions (from BUF) Kendrick Law WR Kentucky Alabama (2022-24)
68%
237 Indianapolis Colts (from PIT) Seth McGowan RB Kentucky Oklahoma (2020)Butler CC (2023) New Mexico State (2024)
68%
227 Carolina Panthers (from MIA) Jackson Kuwatch LB Miami (OH) Ohio State (2021-22)
68%
105 Los Angeles Chargers (from NYG via CLE) Brenen Thompson WR Mississippi State Texas (2022)Oklahoma (2023-24)
68%
180 Miami Dolphins (from DAL) Seydou Traore TE Mississippi State Arkansas State (2021-22)
68%
33 San Francisco 49ers (from NYJ) De'Zhaun Stribling WR Ole Miss Washington State (2021-22)Oklahoma State (2023-24)
68%
217 Arizona Cardinals Jayden Williams T Ole Miss
68%
138 Miami Dolphins (from SF) Kyle Louis LB Pittsburgh
68%
223 Washington Commanders Athan Kaliakmanis QB Rutgers Minnesota (2021-23)
68%
171 New England Patriots Karon Prunty CB Wake Forest Kansas (2020-21)North Carolina A&T (2022-24)
68%
198 Minnesota Vikings (from MIN via HOU, MIN, SF and NE) Demond Claiborne RB Wake Forest
68%
99 Seattle Seahawks (from PIT) Julian Neal CB Arkansas Fresno State (2021-24)
64%
122 Las Vegas Raiders (from PHI via ATL) Mike Washington, Jr. RB Arkansas Buffalo (2021-23)New Mexico State (2024)
64%
142 Tennessee Titans (from NYJ via BAL) Fernando Carmona G Arkansas San Jose State (2021-23)
64%
182 Cleveland Browns (from NYJ via CLE, JAX, LV, BUF and DEN) Taylen Green QB Arkansas Boise State (2021-23)
64%
164 Jacksonville Jaguars Tanner Koziol TE Houston Ball State (2022-24)
64%
100 Jacksonville Jaguars (from DET) Jalen Huskey S Maryland Bowling Green (2022-23)
64%
252 Philadelphia Eagles (from LAR) Keyshawn James-Newby DE New Mexico Montana Tech (2021-22)Idaho (2023-24)
64%
257 Denver Broncos Red Murdock LB Buffalo
59%
97 Minnesota Vikings Caleb Tiernan T Northwestern
59%
253 Baltimore Ravens Evan Beerntsen G Northwestern South Dakota State (2019-24)
59%
27 Miami Dolphins (from SF) Chris Johnson CB San Diego State
59%
133 Baltimore Ravens (from SF) Matthew Hibner TE SMU Michigan (2020-23)
59%
58 Cleveland Browns (from SF) Emmanuel McNeil-Warren S Toledo
59%
236 Seattle Seahawks (from GB) Andre Fuller CB Toledo Arkansas-Pine Bluff (2020-21)
59%
125 Buffalo Bills (from CHI via KC and NE) Skyler Bell WR UConn Wisconsin (2021-23)
59%
117 Los Angeles Chargers (from MIN via JAX, LV and HOU) Travis Burke T Memphis Gardner-Webb (2021-22)FIU (2023-24)
55%
226 Cincinnati Bengals Landon Robinson DT Navy
55%
230 Pittsburgh Steelers (from IND) Eli Heidenreich RB Navy
55%
64 Seattle Seahawks Bud Clark S TCU
55%
126 Buffalo Bills Kaleb Elarms-Orr LB TCU California (2021-23)
55%
212 New England Patriots Namdi Obiazor LB TCU Iowa Western CC (2020-21)
55%
154 San Francisco 49ers (from BAL) Jaden Dugger LB Louisiana Georgetown (2022-23)
50%
136 New Orleans Saints Bryce Lance WR North Dakota State
50%
178 Philadelphia Eagles Cole Payton QB North Dakota State
50%
54 Philadelphia Eagles Eli Stowers TE Vanderbilt Texas A&M (2021-22)New Mexico State (2023)
50%
218 Dallas Cowboys (from TEN) Anthony Smith WR East Carolina NC State (2020-23)
36%
84 Tampa Bay Buccaneers (from GB) Ted Hurst WR Georgia State Valdosta State (2022-23)
36%
251 Philadelphia Eagles (from LAR) Uar Bernard DT none
23%
240 Jacksonville Jaguars Parker Hughes LB Middle Tennessee
18%
163 Minnesota Vikings (from PHI) Charles Demmings CB Stephen F. Austin
18%
104 Arizona Cardinals Kaleb Proctor DT Southeastern Louisiana
14%
No matching quizzes found
Score Distribution
Percent of People with Each Score
Percentile by Number Answered
Your Score History
You have not taken this quiz